Sucesiones (Record no. 45412)

MARC details
000 -LEADER
campo de control de longitud fija 00984nam a2200205 i 4500
001 - NÚMERO DE CONTROL
campo de control 45412
003 - IDENTIFICADOR DE NÚMERO DE CONTROL
campo de control ES-MaACL
005 - FECHA Y HORA DE LA ÚLTIMA TRANSACCIÓN
campo de control 20250808232906.0
007 - CAMPO FIJO DE DESCRIPCIÓN FÍSICA--INFORMACIÓN GENERAL
campo de control de longitud fija t|
008 - DATOS DE LONGITUD FIJA--INFORMACIÓN GENERAL
campo de control de longitud fija 030326s1952 sp ||||1| spa d
100 1# - ENTRADA PRINCIPAL--NOMBRE DE PERSONA
Nombre de persona Coello Gallardo, Antonio.
9 (RLIN) 39461
245 10 - MENCIÓN DEL TÍTULO
Título Sucesiones
Resto del título : comentarios a los artículos del Código civil con la jurisprudencia aplicable y formularios prácticos.
Número de parte o sección de la obra I /
Mención de responsabilidad, etc. Antonio Coello Gallardo ; prólogo de Antonio Hernández Gil.
260 ## - PUBLICACIÓN, DISTRIBUCIÓN, ETC.
Lugar de publicación, distribución, etc. Madrid :
Nombre del editor, distribuidor, etc. Reus,
Fecha de publicación, distribución, etc. 1952.
300 ## - DESCRIPCIÓN FÍSICA
Extensión 1 v. (758 p.) ;
Dimensiones 17 cm.
505 1# - NOTA DE CONTENIDO CON FORMATO
Nota de contenido con formato I. Contiene el texto... y comentarios de los artículos 651 al 789 del Código civil, 991 resúmenes de sentencias y resoluciones dictadas por el Tribunal Supremo y Dirección General de los Registros y del Notariado... y... formularios prácticos
650 #7 - PUNTO DE ACCESO ADICIONAL DE MATERIA--TÉRMINO DE MATERIA
Término de materia o nombre geográfico como elemento de entrada Herencias y sucesiones-
Subdivisión geográfica España
Fuente del encabezamiento o término
9 (RLIN) 162042
700 1# - ENTRADA AGREGADA--NOMBRE PERSONAL
Nombre de persona Hernández Gil, Antonio,
Fechas asociadas al nombre 1915-1994
9 (RLIN) 62943
852 ## - LOCALIZACIÓN
Ubicación ES-MaACL
Número de control de estantería E-3826
Holdings
Estatus retirado Estado de pérdida Estado de daño No para préstamo Biblioteca de origen Biblioteca actual Ubicación en estantería Fecha de adquisición Fuente de adquisición Total de préstamos Signatura topográfica completa Código de barras Visto por última vez Precio de reemplazo Tipo de ítem Koha
        Biblioteca del Ateneo de Madrid Biblioteca del Ateneo de Madrid Depósito 2 17/01/2008     E-3826 1047783 23/02/2023 23/02/2023 Libro impreso